00834 a2200205 4500003000500000005001700005022001500022040000900037082001600046100002900062245005600091260003300147300001500180505020400195610003000399650003000429942002500459999001900484952012500503NUST20230116125044.0 a0395192269 cNust a372.623,CON aConlin, Mary Lou 978700 aConcept of communication writing /cMary Lou Conlin aLondonbBoston Companyc1967 aii,134. p; aOverview (Page-1), The Single-paragraph Essay-test Response (Page-7), The Multi para graph Essay-test Response (Page-21), Practice Responses (Page-33), The Essay – Test Response Tasks (Page-131).  aEassy Test moudle9106866 aEassy Test moudle9106867 2ddccBKk372.623,CON c188319d188319 00102ddc4070aMCSbMCScGENd2016-12-12o372.623,CONpMCS21615r2016-12-08w2016-12-12yBKzAlmirah No.54, Shelf No.3